Παροιμίαι του ελληνικού λαού

Saved in:
Bibliographic Details
Main Author: Κολιτσάρας, Ιωάννης Θ.
Format: Book
Language:Greek
Published: Αθήναι : Χριστιανική Ένωσις Εκπαιδευτικών Λειτουργών, [19--].
Subjects:
Tags: Add Tag
No Tags, Be the first to tag this record!

MARC

LEADER 00000cam a2200000 i 4500
001 1/100166
008 090105q19601970gr | ||| |||| ||gre||
035 |l 10102750 
040 |a GR-MY-UA  |b gre  |e aacr 
041 0 |a gre 
082 7 |a 398.989   |2 (22) 
100 1 |a Κολιτσάρας, Ιωάννης Θ. 
245 1 0 |a Παροιμίαι του ελληνικού λαού /   |c Ιωάννου Θ. Κολιτσάρα. 
260 |a Αθήναι :   |b Χριστιανική Ένωσις Εκπαιδευτικών Λειτουργών,   |c [19--].  
300 |a 3 τ. ;   |c 24 εκ. 
650 0 0 |a Proverbs, Greek. 
650 0 0 |a Folklore  |z Greece. 
852 |a INST  |b RHODES  |c AKA  |e 20090105  |h  398.989 ΚΟΛ  |p 005400031761  |q 005400031761  |t BK  |v τ.3:  |y 0  |z τ.3 
852 |a INST  |b RHODES  |c AKA  |e 20190709  |h  398.989 ΚΟΛ  |p 005400040919  |q 005400040919  |t BK  |v τ.2:  |y 0 
852 |a INST  |b RHODES  |c AKA  |e 20190709  |h  398.989 ΚΟΛ  |p 005400040920  |q 005400040920  |t BK  |v τ.2:  |y 0 
853 |a INST  |b RHODES  |c AKA  |h  398.989 ΚΟΛ 
901 |a BIBL4-2008-3 
909 |a Ρ  |b 156756 
970 |a ΚΟΖΑ  |b ΜΑΡΙΑ  |z 2008/12/20